000 00839naa a22002897a 4500
001 32184
003 98053
005 20201118100835.0
008 ||||||n9999 ||| || ||
041 _aspa
082 _219
_a323
100 _aMartín-Barbero, Jesús
245 0 _aEl miedo a los medios. Politica, comunicacion y nuevos modos de representacion
260 _aBogotá :
_bFundación Friedrich Ebert de Colombia - FESCOL,
_c1997.
300 _app.13-32
490 _aDebate Político
562 _e0
650 _aANÁLISIS SOCIOLÓGICO
650 _aCOLOMBIA
650 _aCRISIS POLÍTICA
650 _aDIFUSION DE LA INFORMACION
650 _aINFORMACION POLITICA
650 _aMEDIOS DE COMUNICACIÓN
773 _032183
_aLa nueva representación política en Colombia
942 _cBKM
942 _cCHAP
999 _c32184
_d32184